Romeo and Juliet General Quiz - Statistics

General Stats
  • This quiz has been taken 467 times
  • The average score is 3 of 5
Answer Stats
Question Answer % Correct
Who was the first to die? Mercutio
87%
Why does Juliet fake her death? She didn't want to marry Paris
87%
What character had the idea for Romeo to go to the party? Mercutio
41%
Who was the last to die? Juliet
38%
How does Romeo discover Juliet is what he thinks "dead"? Benvolio goes to tell him
13%
No matching quizzes found
Score Distribution
Percent of People with Each Score
Percentile by Number Answered
Your Score History
You have not taken this quiz